Statistics for The 100 least used English words

Click here to take the quiz!

General Stats

  • This quiz has been taken 5 times
  • The average score is 2 of 100

Answer Stats

NumbersWord% Correct
86798Workless
50%
86788Inro
25%
86750Kravitz
25%
86799Recrossed
25%
86737Witchdoctor
25%
86748Agistment
0%
86743Allington
0%
86784Allocatively
0%
86740Americanisation
0%
86711Anduze
0%
86777Ararar
0%
86726Backnong
0%
86774Behead
0%
86769Bilges
0%
86739Bioavailability
0%
86789Blick
0%
86723Calcineurin
0%
86706Campomanes
0%
86797Carniola
0%
86771Carob
0%
86718Cashel
0%
86742Caterdata
0%
86783Chalkis
0%
86766Changi
0%
86734Chauncy
0%
86779Chudleigh
0%
86800Conquistador
0%
86785Criers
0%
86701Daws
0%
86722Dialysate
0%
86767Djilas
0%
86768Domnall
0%
86710Drnovsek
0%
86770Edulis
0%
86735Footmarks
0%
86703Forepaws
0%
86708Gneisenau
0%
86793Golgotha
0%
86731Golub
0%
86724Handprints
0%
86759Handstand
0%
86744Heeds
0%
86755Helpston
0%
86728Hirself
0%
86787Historiarum
0%
86792Homemakers
0%
86717Horlock
0%
86704Idiocies
0%
86727Judit
0%
86709Klingons
0%
86716Kroon
0%
86794Lauro
0%
86757Linearised
0%
86745Loretto
0%
86772Maji
0%
86762Mazurkas
0%
86713Mercanti
0%
86747Morena
0%
86786Moyne
0%
86795Multilingualism
0%
86749Munsters
0%
86780Mymouse
0%
86751Narwhals
0%
86764Nickerson
0%
86752Ophiolimna
0%
86720Outrank
0%
86729Overemphasized
0%
86778Pandanus
0%
86760Pietrasanta
0%
86707Pinchbeck
0%
86756Prebends
0%
86761Proteges
0%
86791Savills
0%
86719Sebum
0%
86782Sibomana
0%
86730Spinosa
0%
86754Stanstill
0%
86746Stemberger
0%
86732Stolpe
0%
86776Stupendously
0%
86773Superette
0%
86796Tangency
0%
86781Tarrow
0%
86790Tella
0%
86741Tsedenbal
0%
86725Tuva
0%
86765Umtata
0%
86775Upf
0%
86738Uprate
0%
86763Visystems
0%
86736Weitek
0%
86753Wellfield
0%
86733Wends
0%
86721Wheelspin
0%
86712Winfrey
0%
86714Withernsea
0%
86705Wonted
0%
86758Wringer
0%
86715Wynyard
0%
86702Zinzan
0%

Score Distribution

Percentile by Number Answered

Percent of People with Each Score

Your Score History

You have not taken this quiz